[Event "Panchenko Memorial 2017"]
[Site "?"]
[Date "2017.10.09"]
[Round "3.1"]
[White "Simantsev, Mikhail"]
[Black "Drygalov, Andrey"]
[Result "1/2-1/2"]
[BlackElo "2430"]
[WhiteElo "2492"]
[LiveChessVersion "1.4.8"]

1. d4 {[%clk 1:20:50]} Nf6 {[%clk 1:30:52]} 2. c4 {[%clk 1:20:26]} g6
{[%clk 1:31:15]} 3. Nc3 {[%clk 1:20:00]} d5 {[%clk 1:31:39]} 4. Bf4
{[%clk 1:20:02]} Bg7 {[%clk 1:32:00]} 5. e3 {[%clk 1:20:24]} O-O {[%clk 1:32:23]}
6. Rc1 {[%clk 1:20:21]} Be6 {[%clk 1:32:38]} 7. c5 {[%clk 1:20:10]} c6
{[%clk 1:32:46]} 8. Bd3 {[%clk 1:19:09]} Bc8 {[%clk 1:31:14]} 9. Nf3
{[%clk 1:01:54]} Nfd7 {[%clk 1:29:20]} 10. Bg5 {[%clk 0:46:40]} Qe8
{[%clk 1:26:51]} 11. O-O {[%clk 0:39:52]} e5 {[%clk 0:54:19]} 12. dxe5
{[%clk 0:36:27]} Nxe5 {[%clk 0:47:26]} 13. Nxe5 {[%clk 0:35:33]} Qxe5
{[%clk 0:47:33]} 14. Bf4 {[%clk 0:35:31]} Qf6 {[%clk 0:47:22]} 15. b4
{[%clk 0:28:05]} Re8 {[%clk 0:40:23]} 16. Ne2 {[%clk 0:17:54]} Bg4
{[%clk 0:30:00]} 17. h3 {[%clk 0:16:44]} Bxe2 {[%clk 0:30:14]} 18. Qxe2
{[%clk 0:15:28]} Nd7 {[%clk 0:28:06]} 19. Qd2 {[%clk 0:12:30]} Bf8
{[%clk 0:26:43]} 20. Rfe1 {[%clk 0:08:19]} a5 {[%clk 0:24:42]} 21. a3 axb4
{[%clk 0:25:01]} 22. axb4 {[%clk 0:08:40]} Ra3 {[%clk 0:24:50]} 23. Bf1
{[%clk 0:04:56]} Rea8 {[%clk 0:20:56]} 24. Bg3 {[%clk 0:05:19]} Qf5
{[%clk 0:16:43]} 25. Red1 {[%clk 0:02:26]} Ra2 {[%clk 0:14:32]} 26. Qd3
{[%clk 0:02:31]} Qxd3 {[%clk 0:12:13]} 27. Bxd3 {[%clk 0:03:00]} Rb2
{[%clk 0:10:02]} 28. Rb1 {[%clk 0:03:13]} Rxb1 {[%clk 0:09:59]} 29. Rxb1
{[%clk 0:03:37]} Ra3 {[%clk 0:09:41]} 30. Be2 {[%clk 0:03:53]} f5
{[%clk 0:07:39]} 31. Bc7 {[%clk 0:02:49]} Kf7 {[%clk 0:07:06]} 32. g4
{[%clk 0:02:41]} Ke6 {[%clk 0:06:17]} 33. gxf5+ {[%clk 0:02:59]} gxf5
{[%clk 0:06:42]} 34. Kg2 {[%clk 0:01:50]} Bg7 {[%clk 0:05:39]} 35. Bd6
{[%clk 0:00:49]} Ra2 {[%clk 0:04:20]} 36. Bd3 {[%clk 0:01:08]} Rd2
{[%clk 0:01:18]} 37. Rb3 {[%clk 0:01:08]} Be5 {[%clk 0:01:16]} 38. Bxe5
{[%clk 0:01:35]} Nxe5 {[%clk 0:01:12]} 39. Bb1 {[%clk 0:01:04]} Nd7
{[%clk 0:00:35]} 40. Kg3 {[%clk 0:00:48]} Ke5 {[%clk 0:00:38]} 41. Bd3
{[%clk 0:00:41]} h6 {[%clk 0:00:37]} 42. Kf3 {[%clk 0:00:37]} Kf6
{[%clk 0:00:46]} 43. Kg3 {[%clk 0:01:03]} Ne5 {[%clk 0:00:44]} 44. Bb1
{[%clk 0:01:27]} h5 {[%clk 0:00:41]} 45. h4 {[%clk 0:01:27]} Ng4 {[%clk 0:00:36]}
46. f3 {[%clk 0:01:27]} Ne5 {[%clk 0:00:59]} 47. b5 {[%clk 0:01:02]} Rd1
{[%clk 0:01:05]} 48. bxc6 {[%clk 0:01:21]} bxc6 {[%clk 0:01:34]} 49. Rb8
{[%clk 0:01:36]} Nd7 {[%clk 0:00:55]} 50. Rb4 {[%clk 0:00:38]} Nxc5
{[%clk 0:00:55]} 51. Rb6 {[%clk 0:00:43]} Ne6 {[%clk 0:00:34]} 52. Bc2
{[%clk 0:01:03]} Rd2 {[%clk 0:00:34]} 53. Rxc6 {[%clk 0:01:20]} Re2
{[%clk 0:00:34]} 54. Bb3 {[%clk 0:01:10]} Rxe3 {[%clk 0:00:34]} 1/2-1/2

[Event "Panchenko Memorial 2017"]
[Site "?"]
[Date "2017.10.09"]
[Round "3.3"]
[White "Korneev, Oleg"]
[Black "Baburin, Alexander"]
[Result "1-0"]
[BlackElo "2463"]
[WhiteElo "2557"]
[LiveChessVersion "1.4.8"]

1. e4 {[%clk 1:29:13]} Nf6 {[%clk 1:20:36]} 2. e5 {[%clk 1:23:25]} Nd5
{[%clk 1:18:54]} 3. d4 {[%clk 1:21:52]} d6 {[%clk 1:19:17]} 4. Nf3
{[%clk 1:22:19]} dxe5 {[%clk 1:19:41]} 5. Nxe5 {[%clk 1:22:46]} c6
{[%clk 1:20:05]} 6. Be2 {[%clk 1:23:12]} g6 {[%clk 1:20:28]} 7. O-O
{[%clk 1:23:38]} Bg7 {[%clk 1:20:52]} 8. Re1 {[%clk 1:10:49]} O-O
{[%clk 1:18:16]} 9. Bf1 {[%clk 1:03:08]} Bf5 {[%clk 1:06:55]} 10. h3
{[%clk 1:00:06]} Nd7 {[%clk 1:04:55]} 11. Nf3 {[%clk 0:56:27]} N7f6
{[%clk 0:46:06]} 12. a3 {[%clk 0:51:18]} b5 {[%clk 0:44:59]} 13. Nbd2
{[%clk 0:48:22]} Qc7 {[%clk 0:40:42]} 14. Nb3 {[%clk 0:43:55]} a5
{[%clk 0:34:30]} 15. Nh4 {[%clk 0:37:46]} Bc8 {[%clk 0:32:46]} 16. Bd2
{[%clk 0:34:37]} Nd7 {[%clk 0:28:23]} 17. Nf3 {[%clk 0:34:05]} a4
{[%clk 0:24:32]} 18. Nc1 {[%clk 0:31:32]} e5 {[%clk 0:21:42]} 19. c3
{[%clk 0:28:41]} exd4 {[%clk 0:18:40]} 20. cxd4 {[%clk 0:27:45]} c5
{[%clk 0:15:18]} 21. Bxb5 {[%clk 0:27:31]} cxd4 {[%clk 0:15:01]} 22. Nd3
{[%clk 0:26:06]} N7b6 {[%clk 0:10:09]} 23. Rc1 {[%clk 0:24:48]} Qa7
{[%clk 0:10:32]} 24. Nde5 {[%clk 0:18:55]} Ba6 {[%clk 0:08:55]} 25. Nc6
{[%clk 0:06:41]} Qb7 {[%clk 0:08:51]} 26. Bxa6 {[%clk 0:06:55]} Qxa6
{[%clk 0:07:53]} 27. Nfxd4 {[%clk 0:06:08]} Nc4 {[%clk 0:05:27]} 28. Qf3
{[%clk 0:04:12]} Nxd2 {[%clk 0:03:58]} 29. Qxd5 {[%clk 0:04:36]} Nb3
{[%clk 0:04:15]} 30. Nxb3 {[%clk 0:04:43]} axb3 {[%clk 0:04:42]} 31. Qxb3
{[%clk 0:04:59]} Rae8 {[%clk 0:04:41]} 32. Rxe8 {[%clk 0:01:24]} Rxe8
{[%clk 0:05:05]} 33. a4 {[%clk 0:01:35]} Qe2 {[%clk 0:04:41]} 34. Qc2
{[%clk 0:01:15]} Bxb2 {[%clk 0:04:43]} 35. Qxe2 {[%clk 0:01:42]} Rxe2
{[%clk 0:05:08]} 36. Kf1 {[%clk 0:00:54]} Re4 {[%clk 0:03:58]} 37. Rc2
{[%clk 0:01:04]} Bf6 {[%clk 0:04:20]} 38. Ra2 {[%clk 0:00:43]} Rc4
{[%clk 0:04:34]} 39. Na7 {[%clk 0:00:39]} Bd8 {[%clk 0:03:13]} 40. Nb5
{[%clk 0:00:50]} Ba5 {[%clk 0:03:37]} 41. Ke2 {[%clk 0:01:07]} h5
{[%clk 0:03:44]} 42. Kd3 {[%clk 0:01:32]} Rb4 {[%clk 0:02:53]} 43. Nd4
{[%clk 0:01:27]} Rb1 {[%clk 0:03:13]} 44. Nc6 {[%clk 0:01:31]} Bb6
{[%clk 0:03:38]} 45. a5 {[%clk 0:01:46]} Bxa5 {[%clk 0:02:36]} 46. Nxa5
{[%clk 0:02:06]} 1-0

[Event "Panchenko Memorial 2017"]
[Site "?"]
[Date "2017.10.09"]
[Round "3.4"]
[White "Tosic, Miroslav"]
[Black "Shinkevich, Vitaly"]
[Result "0-1"]
[BlackElo "2454"]
[WhiteElo "2447"]
[LiveChessVersion "1.4.8"]

1. Nf3 {[%clk 1:30:52]} c5 {[%clk 1:30:46]} 2. c4 {[%clk 1:31:07]} Nf6
{[%clk 1:30:26]} 3. Nc3 {[%clk 1:31:12]} g6 {[%clk 1:30:00]} 4. e4
{[%clk 1:29:53]} Bg7 {[%clk 1:29:50]} 5. d4 {[%clk 1:29:17]} cxd4
{[%clk 1:29:06]} 6. Nxd4 {[%clk 1:29:39]} O-O {[%clk 1:29:27]} 7. Be2
{[%clk 1:25:48]} Nc6 {[%clk 1:29:47]} 8. Be3 {[%clk 1:25:32]} d6 {[%clk 1:30:11]}
9. Qd2 {[%clk 1:13:11]} Bd7 {[%clk 1:30:14]} 10. f3 {[%clk 1:12:23]} Nxd4
{[%clk 1:27:22]} 11. Bxd4 {[%clk 1:12:42]} a5 {[%clk 1:27:50]} 12. b3
{[%clk 1:10:39]} Bc6 {[%clk 1:27:24]} 13. Rc1 {[%clk 1:10:13]} Nd7
{[%clk 1:26:18]} 14. Be3 {[%clk 1:10:37]} Nc5 {[%clk 1:24:18]} 15. O-O
{[%clk 1:09:58]} Qb6 {[%clk 1:22:30]} 16. Rb1 {[%clk 0:51:41]} Qb4
{[%clk 1:16:43]} 17. Rfc1 {[%clk 0:47:22]} Rfc8 {[%clk 1:12:03]} 18. Nd5
{[%clk 0:22:49]} Bxd5 {[%clk 1:10:20]} 19. cxd5 {[%clk 0:22:48]} h5
{[%clk 0:53:43]} 20. a4 {[%clk 0:14:25]} Qa3 {[%clk 0:29:05]} 21. Bc4
{[%clk 0:08:31]} Na6 {[%clk 0:24:59]} 22. f4 {[%clk 0:05:06]} Nc5
{[%clk 0:15:27]} 23. e5 {[%clk 0:04:01]} dxe5 {[%clk 0:07:59]} 24. d6
{[%clk 0:04:16]} exf4 {[%clk 0:07:54]} 25. Bxf4 {[%clk 0:02:58]} Rd8
{[%clk 0:07:21]} 26. Bxf7+ {[%clk 0:00:00]} 0-1

[Event "Panchenko Memorial 2017"]
[Site "?"]
[Date "2017.10.09"]
[Round "3.5"]
[White "Gutenev, Alexander"]
[Black "Sivuk, Vitaly"]
[Result "1/2-1/2"]
[BlackElo "2545"]
[WhiteElo "2474"]
[LiveChessVersion "1.4.8"]

1. e4 {[%clk 1:26:36]} c6 {[%clk 1:30:46]} 2. d4 {[%clk 1:27:02]} d5
{[%clk 1:31:08]} 3. Nd2 {[%clk 1:27:28]} dxe4 {[%clk 1:31:27]} 4. Nxe4
{[%clk 1:27:51]} Bf5 {[%clk 1:31:48]} 5. Ng3 {[%clk 1:28:15]} Bg6
{[%clk 1:32:10]} 6. h4 {[%clk 1:28:20]} h6 {[%clk 1:32:32]} 7. Nf3
{[%clk 1:28:45]} Nd7 {[%clk 1:32:52]} 8. h5 {[%clk 1:29:06]} Bh7 {[%clk 1:33:15]}
9. Bd3 {[%clk 1:29:23]} Bxd3 {[%clk 1:33:35]} 10. Qxd3 {[%clk 1:29:43]} e6
{[%clk 1:33:56]} 11. Bd2 {[%clk 1:29:51]} Ngf6 {[%clk 1:34:14]} 12. O-O-O
{[%clk 1:30:06]} Bd6 {[%clk 1:32:54]} 13. Ne4 {[%clk 1:29:01]} Nxe4
{[%clk 1:33:04]} 14. Qxe4 {[%clk 1:29:25]} Nf6 {[%clk 1:33:23]} 15. Qe2
{[%clk 1:29:25]} Bc7 {[%clk 1:33:24]} 16. g3 {[%clk 1:15:52]} Qd5
{[%clk 1:25:12]} 17. c4 {[%clk 1:15:20]} Qf5 {[%clk 1:20:47]} 18. Ne5
{[%clk 0:56:32]} c5 {[%clk 1:16:09]} 19. Bf4 {[%clk 0:48:18]} Rd8
{[%clk 1:10:22]} 20. Qc2 {[%clk 0:25:39]} Qxc2+ {[%clk 0:48:29]} 21. Kxc2
{[%clk 0:25:14]} Rxd4 {[%clk 0:45:04]} 22. Rxd4 {[%clk 0:25:31]} cxd4
{[%clk 0:45:26]} 23. Nxf7 {[%clk 0:22:53]} Kxf7 {[%clk 0:44:03]} 24. Bxc7
{[%clk 0:23:20]} Nd7 {[%clk 0:38:52]} 25. Bd6 {[%clk 0:15:47]} Rc8
{[%clk 0:36:41]} 26. Kd3 {[%clk 0:14:23]} Rc6 {[%clk 0:36:37]} 27. Bb4
{[%clk 0:12:33]} Ne5+ {[%clk 0:28:02]} 28. Kxd4 {[%clk 0:12:51]} Rxc4+
{[%clk 0:28:17]} 29. Kxe5 {[%clk 0:13:15]} Rxb4 {[%clk 0:28:42]} 30. b3
{[%clk 0:13:25]} Ke7 {[%clk 0:25:12]} 31. Ke4 1/2-1/2

[Event "Panchenko Memorial 2017"]
[Site "?"]
[Date "2017.10.09"]
[Round "3.6"]
[White "Drygalov, Sergey"]
[Black "Borisenko, Viacheslav"]
[Result "1/2-1/2"]
[BlackElo "2313"]
[WhiteElo "2404"]
[LiveChessVersion "1.4.8"]

1. e4 {[%clk 1:30:56]} e5 {[%clk 1:28:09]} 2. Nf3 {[%clk 1:31:17]} Nc6
{[%clk 1:28:38]} 3. Bc4 {[%clk 1:31:30]} Bc5 {[%clk 1:28:28]} 4. O-O
{[%clk 1:31:35]} Nf6 {[%clk 1:28:48]} 5. d3 {[%clk 1:32:01]} O-O {[%clk 1:29:11]}
6. c3 {[%clk 1:32:22]} d6 {[%clk 1:23:58]} 7. a4 {[%clk 1:32:24]} a5
{[%clk 1:21:48]} 8. Nbd2 {[%clk 1:29:00]} Ne7 {[%clk 1:21:06]} 9. d4
{[%clk 1:26:29]} exd4 {[%clk 1:21:23]} 10. cxd4 {[%clk 1:26:49]} Bb6
{[%clk 1:20:18]} 11. Re1 {[%clk 1:14:38]} Ng6 {[%clk 1:15:23]} 12. h3
{[%clk 1:11:25]} d5 {[%clk 1:12:07]} 13. exd5 {[%clk 1:09:06]} Nxd5
{[%clk 1:11:53]} 14. Ne4 {[%clk 1:08:07]} c6 {[%clk 1:07:51]} 15. Bg5
{[%clk 1:07:08]} f6 {[%clk 1:08:05]} 16. Bd2 {[%clk 1:07:04]} Kh8
{[%clk 1:03:09]} 17. Qb3 {[%clk 0:58:53]} Bc7 {[%clk 0:59:52]} 18. Bxd5
{[%clk 0:53:18]} cxd5 {[%clk 0:57:07]} 19. Nc3 {[%clk 0:52:12]} Ne7
{[%clk 0:56:16]} 20. Rac1 {[%clk 0:49:34]} Bd6 {[%clk 0:46:28]} 21. Kh1
{[%clk 0:39:04]} Bb4 {[%clk 0:46:07]} 22. Nb5 {[%clk 0:38:14]} Bxd2
{[%clk 0:41:00]} 23. Nxd2 {[%clk 0:38:36]} Bd7 {[%clk 0:25:22]} 24. Nc3
{[%clk 0:26:16]} Bc6 {[%clk 0:25:18]} 25. Nf3 {[%clk 0:21:32]} Ng6
{[%clk 0:23:18]} 26. Re3 {[%clk 0:21:09]} Qd6 {[%clk 0:22:17]} 27. Rce1
{[%clk 0:20:10]} Qb4 {[%clk 0:21:10]} 28. Qc2 {[%clk 0:20:33]} Rad8
{[%clk 0:20:57]} 29. h4 {[%clk 0:16:24]} Qd6 {[%clk 0:18:35]} 30. g3
{[%clk 0:15:10]} Qd7 {[%clk 0:17:42]} 31. Re6 {[%clk 0:10:25]} Rfe8
{[%clk 0:17:05]} 32. Rxe8+ {[%clk 0:10:38]} Rxe8 {[%clk 0:17:33]} 33. Rxe8+
{[%clk 0:11:03]} Qxe8 {[%clk 0:18:01]} 34. Qf5 {[%clk 0:08:08]} Nf8
{[%clk 0:17:40]} 35. Kg2 {[%clk 0:07:27]} Qe6 {[%clk 0:17:36]} 36. Qxe6
{[%clk 0:06:49]} Nxe6 {[%clk 0:18:02]} 37. Kf1 {[%clk 0:06:45]} Kg8
{[%clk 0:17:25]} 38. Ke2 {[%clk 0:07:05]} Kf7 {[%clk 0:17:49]} 39. Ke3
{[%clk 0:06:54]} Nc7 {[%clk 0:16:38]} 40. Ne1 {[%clk 0:06:19]} b6
{[%clk 0:14:47]} 41. Nd3 {[%clk 0:06:20]} g6 {[%clk 0:15:03]} 42. b4
{[%clk 0:05:34]} axb4 {[%clk 0:14:59]} 43. Nxb4 {[%clk 0:06:03]} Bb7
{[%clk 0:15:28]} 44. Nd3 {[%clk 0:05:04]} Ke7 {[%clk 0:14:25]} 45. Nc1
{[%clk 0:04:11]} Ne8 {[%clk 0:12:22]} 46. a5 {[%clk 0:03:43]} bxa5
{[%clk 0:08:35]} 47. Nb3 {[%clk 0:04:10]} Bc6 {[%clk 0:07:29]} 48. Nxa5
{[%clk 0:04:32]} Kd6 {[%clk 0:07:57]} 49. Nxc6 {[%clk 0:01:12]} Kxc6
{[%clk 0:07:07]} 50. g4 {[%clk 0:01:37]} Kd6 {[%clk 0:06:24]} 51. Ne2
{[%clk 0:01:49]} Ng7 {[%clk 0:06:10]} 52. Nf4 {[%clk 0:01:29]} g5
{[%clk 0:04:51]} 53. hxg5 {[%clk 0:01:52]} fxg5 {[%clk 0:05:18]} 54. Nh3
{[%clk 0:01:16]} h6 {[%clk 0:05:16]} 55. f4 {[%clk 0:01:06]} Ne6 {[%clk 0:04:37]}
56. fxg5 {[%clk 0:01:07]} hxg5 {[%clk 0:04:39]} 57. Ng1 {[%clk 0:00:54]} Ke7
{[%clk 0:04:27]} 58. Nf3 {[%clk 0:00:56]} Kf6 {[%clk 0:04:19]} 59. Kd3
{[%clk 0:01:10]} Nf4+ {[%clk 0:04:22]} 60. Ke3 {[%clk 0:00:50]} Ng2+
{[%clk 0:04:11]} 61. Ke4 Ke5+ 1/2-1/2

[Event "Panchenko Memorial 2017"]
[Site "?"]
[Date "2017.10.09"]
[Round "3.7"]
[White "Salemgareev, Tagir"]
[Black "Suslova, Alena"]
[Result "1-0"]
[BlackElo "2227"]
[WhiteElo "2378"]
[LiveChessVersion "1.4.8"]

1. d4 {[%clk 1:30:58]} Nf6 {[%clk 1:30:50]} 2. c4 {[%clk 1:31:00]} e6
{[%clk 1:31:01]} 3. Nf3 {[%clk 1:31:03]} b6 {[%clk 1:31:04]} 4. a3
{[%clk 1:31:12]} Bb7 {[%clk 1:31:11]} 5. Nc3 {[%clk 1:31:36]} d5 {[%clk 1:30:58]}
6. Bg5 {[%clk 1:29:38]} Be7 {[%clk 1:31:13]} 7. e3 {[%clk 1:29:25]} O-O
{[%clk 1:30:37]} 8. Qc2 {[%clk 1:29:23]} Nbd7 {[%clk 1:24:46]} 9. cxd5
{[%clk 1:29:06]} exd5 {[%clk 1:22:56]} 10. Bd3 {[%clk 1:29:16]} c5
{[%clk 1:11:32]} 11. O-O {[%clk 1:28:55]} Ne4 {[%clk 0:58:45]} 12. Bxe7
{[%clk 1:26:25]} Qxe7 {[%clk 0:59:13]} 13. dxc5 {[%clk 1:18:31]} bxc5
{[%clk 0:55:00]} 14. Rfd1 {[%clk 1:13:51]} Nef6 {[%clk 0:45:32]} 15. Qa4
{[%clk 1:01:18]} d4 {[%clk 0:28:18]} 16. exd4 {[%clk 1:01:27]} Bxf3
{[%clk 0:28:33]} 17. gxf3 {[%clk 1:01:06]} Nb6 {[%clk 0:28:25]} 18. Qa5
{[%clk 0:55:28]} cxd4 {[%clk 0:27:19]} 19. Ne2 {[%clk 0:55:21]} Rad8
{[%clk 0:26:11]} 20. Nxd4 {[%clk 0:42:47]} Rd5 {[%clk 0:21:55]} 21. Qd2
{[%clk 0:41:50]} h6 {[%clk 0:17:10]} 22. Nf5 {[%clk 0:19:02]} Qd7
{[%clk 0:16:00]} 23. Qc2 {[%clk 0:16:19]} Rc8 {[%clk 0:13:05]} 24. Qb1
{[%clk 0:16:19]} Rd8 {[%clk 0:10:18]} 25. Be2 {[%clk 0:12:33]} Qe6
{[%clk 0:08:32]} 26. Rxd5 {[%clk 0:12:34]} Rxd5 {[%clk 0:08:24]} 27. Ng3
{[%clk 0:12:12]} h5 {[%clk 0:07:26]} 28. Bf1 {[%clk 0:10:45]} h4 {[%clk 0:04:57]}
29. Ne4 {[%clk 0:11:09]} Nh5 {[%clk 0:04:13]} 30. Qc1 {[%clk 0:09:56]} Qf5
{[%clk 0:03:38]} 31. Qe3 {[%clk 0:09:44]} Re5 {[%clk 0:01:27]} 32. Rd1
{[%clk 0:06:33]} Nf4 {[%clk 0:01:00]} 33. Rd8+ {[%clk 0:04:56]} Kh7
{[%clk 0:01:28]} 34. Kh1 {[%clk 0:05:10]} Ne6 {[%clk 0:01:19]} 35. Re8
{[%clk 0:04:06]} Nd5 {[%clk 0:01:20]} 36. Qd3 {[%clk 0:04:20]} Ndf4
{[%clk 0:01:28]} 37. Ng5+ {[%clk 0:04:20]} Kg6 {[%clk 0:01:31]} 38. Qxf5+
{[%clk 0:04:05]} Kxf5 {[%clk 0:01:51]} 39. Nh3 {[%clk 0:02:20]} Re1
{[%clk 0:01:25]} 40. Nxf4 {[%clk 0:02:45]} Kxf4 {[%clk 0:01:42]} 41. Kg1
{[%clk 0:03:03]} Rb1 {[%clk 0:01:35]} 42. Rb8 {[%clk 0:03:06]} Nd4
{[%clk 0:01:35]} 43. Rb4 {[%clk 0:03:27]} Ke5 {[%clk 0:01:58]} 44. f4+
{[%clk 0:03:14]} Kd5 {[%clk 0:01:44]} 45. f3 {[%clk 0:02:35]} Nxf3+
{[%clk 0:01:26]} 46. Kf2 {[%clk 0:01:42]} Nd4 {[%clk 0:00:42]} 47. Bc4+
{[%clk 0:01:55]} Kd6 {[%clk 0:00:35]} 48. Bxf7 {[%clk 0:02:14]} Nc6
{[%clk 0:00:49]} 49. Rb3 {[%clk 0:01:41]} Rh1 {[%clk 0:00:40]} 50. Kg2
{[%clk 0:01:31]} Rd1 {[%clk 0:01:08]} 51. Bg6 {[%clk 0:01:42]} Rd2+
{[%clk 0:01:16]} 52. Kh3 {[%clk 0:02:01]} Ke7 {[%clk 0:01:38]} 53. Be4
{[%clk 0:01:50]} Na5 {[%clk 0:01:53]} 54. Rb4 {[%clk 0:02:01]} Kd6
{[%clk 0:01:46]} 55. Ra4 {[%clk 0:00:57]} Nb3 {[%clk 0:02:05]} 56. Rxa7
{[%clk 0:01:02]} Nc5 {[%clk 0:02:23]} 57. Bf5 {[%clk 0:00:53]} Rxb2
{[%clk 0:02:10]} 58. Rxg7 {[%clk 0:01:14]} Ra2 {[%clk 0:01:50]} 59. Kxh4
{[%clk 0:00:55]} Rxh2+ {[%clk 0:02:00]} 60. Kg3 {[%clk 0:00:59]} Ra2
{[%clk 0:02:27]} 61. Ra7 {[%clk 0:01:24]} Kd5 {[%clk 0:02:37]} 62. Bg6
{[%clk 0:01:10]} Kd4 {[%clk 0:02:29]} 63. Kg4 {[%clk 0:01:13]} Ke3
{[%clk 0:02:08]} 64. Re7+ {[%clk 0:00:44]} Kd4 {[%clk 0:02:35]} 65. Ra7
{[%clk 0:01:09]} Ke3 {[%clk 0:03:02]} 66. f5 {[%clk 0:01:07]} Ne4
{[%clk 0:02:40]} 67. Re7 {[%clk 0:00:54]} Kd4 {[%clk 0:02:55]} 68. Kf4
{[%clk 0:00:54]} Rf2+ {[%clk 0:03:17]} 69. Kg4 {[%clk 0:01:22]} Rg2+
{[%clk 0:03:12]} 70. Kh3 {[%clk 0:01:32]} Rg3+ {[%clk 0:03:13]} 71. Kh4
{[%clk 0:01:55]} Rxa3 {[%clk 0:03:34]} 72. Re6 {[%clk 0:02:02]} Rf3
{[%clk 0:03:36]} 73. Kh5 {[%clk 0:02:13]} Kd5 {[%clk 0:02:54]} 74. Kh6
{[%clk 0:01:44]} Nd6 {[%clk 0:02:26]} 75. Kg5 {[%clk 0:01:57]} Ne4+
{[%clk 0:02:32]} 76. Kg4 {[%clk 0:02:05]} Rf1 {[%clk 0:02:34]} 77. Re7
{[%clk 0:02:23]} Nd6 {[%clk 0:01:37]} 78. Ra7 {[%clk 0:01:22]} Ke5
{[%clk 0:00:48]} 79. Re7+ {[%clk 0:01:42]} Kd5 {[%clk 0:01:13]} 80. Bh7
{[%clk 0:01:26]} Rg1+ {[%clk 0:01:01]} 81. Kh5 {[%clk 0:01:28]} Ne4
{[%clk 0:00:44]} 82. Kh6 {[%clk 0:01:27]} Rg2 {[%clk 0:00:41]} 83. Bg6
{[%clk 0:01:42]} Rf2 {[%clk 0:00:47]} 84. Kg7 {[%clk 0:02:01]} Kd4
{[%clk 0:01:01]} 85. Kf7 {[%clk 0:01:39]} Nd6+ {[%clk 0:01:10]} 86. Ke6
{[%clk 0:01:57]} Ne4 {[%clk 0:01:05]} 87. Rd7+ {[%clk 0:02:12]} Ke3
{[%clk 0:01:19]} 88. Ke5 {[%clk 0:02:30]} Nc5 {[%clk 0:01:33]} 89. Rc7
{[%clk 0:02:01]} Nd3+ {[%clk 0:01:56]} 90. Ke6 {[%clk 0:01:45]} Nf4+
{[%clk 0:02:12]} 91. Kf7 {[%clk 0:02:08]} Nd5 {[%clk 0:01:57]} 92. Rc4
{[%clk 0:01:55]} Kd3 {[%clk 0:01:59]} 93. Ra4 {[%clk 0:02:13]} Ke3
{[%clk 0:02:06]} 94. Ke6 {[%clk 0:02:29]} Nf4+ {[%clk 0:02:21]} 95. Ke5
{[%clk 0:02:40]} Nd3+ {[%clk 0:02:38]} 96. Kd6 {[%clk 0:03:05]} Rf1
{[%clk 0:02:34]} 97. Ke7 {[%clk 0:03:05]} Ne5 {[%clk 0:02:36]} 98. Ke6
{[%clk 0:03:26]} Nd3 {[%clk 0:02:43]} 99. Ra5 {[%clk 0:02:40]} Nf4+
{[%clk 0:02:29]} 100. Kf6 {[%clk 0:02:04]} Kd4 {[%clk 0:02:18]} 101. Ra4+
{[%clk 0:02:23]} Kd5 {[%clk 0:02:01]} 102. Bf7+ {[%clk 0:02:45]} Kd6
{[%clk 0:02:14]} 103. Rd4+ {[%clk 0:03:09]} Kc5 {[%clk 0:02:34]} 104. Rd2
{[%clk 0:03:25]} Nh3 {[%clk 0:02:05]} 105. Kg6 {[%clk 0:03:10]} Rg1+
{[%clk 0:02:16]} 106. Kh6 {[%clk 0:03:29]} Rf1 {[%clk 0:02:09]} 107. Bg6
{[%clk 0:03:15]} Kc6 {[%clk 0:01:41]} 108. Kg7 {[%clk 0:02:56]} Nf4
{[%clk 0:01:40]} 109. Be8+ {[%clk 0:02:51]} Kc5 {[%clk 0:01:48]} 110. f6
{[%clk 0:02:33]} Ne6+ {[%clk 0:01:56]} 111. Kf7 {[%clk 0:02:32]} Nd4
{[%clk 0:01:38]} 112. Ke7 {[%clk 0:01:54]} Re1+ {[%clk 0:01:30]} 113. Kd7
{[%clk 0:02:04]} Ne6 {[%clk 0:01:03]} 114. f7 {[%clk 0:02:00]} Nf8+
{[%clk 0:01:05]} 115. Kd8 {[%clk 0:02:24]} Ne6+ {[%clk 0:00:52]} 116. Ke7
{[%clk 0:02:38]} Nc7+ {[%clk 0:00:43]} 117. Kf8 {[%clk 0:01:17]} Ne6+
{[%clk 0:01:02]} 118. Ke7 {[%clk 0:00:47]} Nc7+ {[%clk 0:01:26]} 119. Kd7 Ne6
120. Rh2 {[%clk 0:00:51]} Nf8+ {[%clk 0:01:12]} 121. Kd8 {[%clk 0:00:59]} Kd6
{[%clk 0:00:58]} 122. Rh6+ {[%clk 0:01:22]} Kd5 {[%clk 0:00:47]} 123. Rh8
{[%clk 0:01:40]} Ne6+ {[%clk 0:00:38]} 124. Ke7 {[%clk 0:01:43]} Ng5+
{[%clk 0:00:54]} 125. Kd7 {[%clk 0:01:48]} Nxf7 {[%clk 0:00:56]} 126. Bxf7+
{[%clk 0:02:14]} Kc5 {[%clk 0:00:55]} 127. Rh5+ {[%clk 0:02:34]} Kd4
{[%clk 0:01:05]} 128. Kd6 {[%clk 0:02:57]} Re4 {[%clk 0:01:02]} 129. Bd5
{[%clk 0:02:50]} Rf4 {[%clk 0:01:08]} 130. Rh3 {[%clk 0:03:11]} Rf6+
{[%clk 0:01:02]} 131. Be6 {[%clk 0:03:37]} Rf4 {[%clk 0:01:09]} 132. Ra3
{[%clk 0:04:02]} Re4 {[%clk 0:01:13]} 133. Bf5 {[%clk 0:04:19]} Re8
{[%clk 0:01:14]} 134. Ra4+ {[%clk 0:04:41]} Ke3 {[%clk 0:01:11]} 135. Be6
{[%clk 0:04:36]} Rd8+ {[%clk 0:01:15]} 136. Ke5 {[%clk 0:05:02]} Rd3
{[%clk 0:01:17]} 137. Rh4 {[%clk 0:05:18]} Rc3 {[%clk 0:00:53]} 138. Bc4
{[%clk 0:05:42]} Rc1 {[%clk 0:01:04]} 139. Rh3+ {[%clk 0:06:04]} Kf2
{[%clk 0:01:07]} 140. Bd3 {[%clk 0:05:53]} Rc8 {[%clk 0:00:53]} 141. Kf4
{[%clk 0:06:14]} Rf8+ {[%clk 0:00:54]} 142. Bf5 {[%clk 0:06:38]} Ke2
{[%clk 0:00:46]} 143. Rh2+ {[%clk 0:06:51]} Ke1 {[%clk 0:00:49]} 144. Ra2
{[%clk 0:07:04]} Kd1 {[%clk 0:01:04]} 145. Ke4 {[%clk 0:07:21]} Re8+
{[%clk 0:01:11]} 146. Kd4 {[%clk 0:07:39]} Rd8+ {[%clk 0:01:06]} 147. Ke3
{[%clk 0:08:02]} Kc1 {[%clk 0:00:46]} 148. Rc2+ {[%clk 0:08:27]} Kd1
{[%clk 0:01:12]} 149. Rc6 {[%clk 0:08:41]} Re8+ {[%clk 0:01:01]} 150. Be4
{[%clk 0:09:07]} Re7 {[%clk 0:01:22]} 151. Rg6 {[%clk 0:09:32]} Kc1
{[%clk 0:01:32]} 152. Rb6 {[%clk 0:09:57]} 1-0

[Event "Panchenko Memorial 2017"]
[Site "?"]
[Date "2017.10.09"]
[Round "3.8"]
[White "Tologontegin, Semetey"]
[Black "Radzhabov, Rodion"]
[Result "1-0"]
[BlackElo "2319"]
[WhiteElo "2392"]
[LiveChessVersion "1.4.8"]

1. e4 {[%clk 1:30:52]} c5 {[%clk 1:23:01]} 2. Na3 {[%clk 1:31:13]} Nc6
{[%clk 1:22:52]} 3. Bb5 {[%clk 1:31:29]} g6 {[%clk 1:22:29]} 4. c3
{[%clk 1:29:21]} Bg7 {[%clk 1:22:22]} 5. d3 {[%clk 1:29:38]} Nf6 {[%clk 1:20:47]}
6. f4 {[%clk 1:29:50]} O-O {[%clk 1:20:41]} 7. Nf3 {[%clk 1:29:40]} a6
{[%clk 1:14:30]} 8. Bxc6 {[%clk 1:21:07]} bxc6 {[%clk 1:13:40]} 9. O-O
{[%clk 1:20:32]} d6 {[%clk 1:12:16]} 10. Qe1 {[%clk 1:17:08]} a5 {[%clk 0:46:19]}
11. Bd2 {[%clk 1:15:06]} Ne8 {[%clk 0:36:32]} 12. Rd1 {[%clk 1:08:34]} Nc7
{[%clk 0:27:11]} 13. Nc4 {[%clk 1:04:37]} Ba6 {[%clk 0:23:14]} 14. Bc1
{[%clk 1:04:16]} a4 {[%clk 0:12:46]} 15. f5 {[%clk 0:56:55]} Bb5 {[%clk 0:05:30]}
16. Qh4 {[%clk 0:52:55]} Ne8 {[%clk 0:03:16]} 17. Ng5 {[%clk 0:49:28]} Nf6
{[%clk 0:00:45]} 18. fxg6 {[%clk 0:48:05]} fxg6 {[%clk 0:00:55]} 19. Ne6
{[%clk 0:47:56]} Qd7 {[%clk 0:00:59]} 20. Nxf8 {[%clk 0:40:46]} Rxf8
{[%clk 0:01:26]} 21. e5 {[%clk 0:40:41]} Nd5 {[%clk 0:00:45]} 22. Bh6
{[%clk 0:33:09]} Rxf1+ {[%clk 0:00:46]} 23. Rxf1 {[%clk 0:33:26]} Qe6
{[%clk 0:00:37]} 24. exd6 {[%clk 0:32:02]} exd6 {[%clk 0:00:44]} 25. Qd8+ 1-0